000 00806nam a22001577a 4500
020 _a81-7130-516-4
082 _a894.812.3
_bVAS/A
100 _aVASUDEVAN NAIR, M T
100 _aMUHAMMAD, N P
245 _aARABIPPONNU
260 _aKOTTAYAM
_bDC BOOKS
_c2023
300 _a439
520 _aThe Arabs came in their dhows laden with dates to Calicut, the Port of Truth, and through the dates smuggled in gold. The Port of Truth became the Port of Treachery. Koya, the protagonist, saw his hands smeared with the stink of Arab gold, opium, smuggled liquor and women. He saw them, he lived with them. He loaded opium on a Chinese vessel anchored off Beypore. But he emerged as a new man from the world of treachery and robbery, deceit and betrayal.
650 _aMALAYALAM LITERATURE
_zKERALA
942 _cBK
999 _c7900
_d7900